000 00367nam a2200133Ia 4500
005 20260328104333.0
008 260328s9999||||xx |||||||||||||| ||und||
100 _aFletcher, Sir Banister
245 2 _aA History of Architecture on the Comparative Method /
_cSir Banister Fletcher
260 _bAthlone Press
300 _a1366 p.
650 _aHISTORIA
942 _cBK
999 _c11770
_d11770